| 000 | 00956nam a22002657a 4500 | ||
|---|---|---|---|
| 003 | OSt | ||
| 005 | 20171223093437.0 | ||
| 008 | 170725s2010 ua grd 001 0 ara d | ||
| 017 | _a2009 / 5291 | ||
| 020 | _a9789770926304 | ||
| 040 |
_aEG-ScBUE _bara _cEG-ScBUE _dEG-ScBUE |
||
| 043 | _af-ua--- | ||
| 082 | 0 | 4 |
_a390.096203 _bأ م ي _222 |
| 100 | 1 | _aأمين، أحمد. | |
| 245 | 1 | 0 |
_aقاموس العادات والتقاليد والتعابير المصرية / _cأحمد أمين. |
| 250 | _aط. 2. | ||
| 260 |
_aالقاهرة : _bدار الشروق، _c2010. |
||
| 300 |
_a353 ص. ؛ _c25 سم. |
||
| 504 | _aيشتمل على كشاف. | ||
| 650 | 7 |
_aالأمثال العامية العربية _zمصر _v.معاجم _2BUEsh |
|
| 650 | 7 |
_aالعادات والتقاليد _vمعاجم. _2BUEsh |
|
| 651 | 7 |
_aمصر _xحياة وعادات اجتماعية _v.معاجم _2BUEsh |
|
| 653 |
_bGGEN _cJuly2017 _cDecember2017 |
||
| 942 | _2ddc | ||
| 999 |
_c25071 _d25043 |
||